<?xml version="1.0" encoding="UTF-8"?>
<record
    xmlns:xsi="http://www.w3.org/2001/XMLSchema-instance"
    xsi:schemaLocation="http://www.loc.gov/MARC21/slim http://www.loc.gov/standards/marcxml/schema/MARC21slim.xsd"
    xmlns="http://www.loc.gov/MARC21/slim">

  <leader>01435 am a2200277 a 4500</leader>
  <controlfield tag="005">20240221115800.0</controlfield>
  <controlfield tag="008">100330s1993||||ag ||||||l   s||||||spa d</controlfield>
  <datafield tag="020" ind1=" " ind2=" ">
    <subfield code="a">S/N</subfield>
  </datafield>
  <datafield tag="041" ind1=" " ind2=" ">
    <subfield code="a">spa</subfield>
  </datafield>
  <datafield tag="092" ind1=" " ind2=" ">
    <subfield code="c">618.2</subfield>
    <subfield code="l">68</subfield>
    <subfield code="s">PRO</subfield>
  </datafield>
  <datafield tag="110" ind1="1" ind2=" ">
    <subfield code="a">Argentina. Ministerio de Salud y Acci&#xF3;n Social de la Naci&#xF3;n. </subfield>
    <subfield code="b">Direcci&#xF3;n de Maternidad e Infancia</subfield>
    <subfield code="9">1077</subfield>
  </datafield>
  <datafield tag="245" ind1=" " ind2=" ">
    <subfield code="a">Propuesta Normativa Perinatal.</subfield>
    <subfield code="b">T.1 Atenci&#xF3;n del embarazo normal, parto de bajo riesgo y atenci&#xF3;n inmediata del reci&#xE9;n nacido /</subfield>
    <subfield code="c">Ministerio de Salud y Acci&#xF3;n Social de la Naci&#xF3;n.</subfield>
  </datafield>
  <datafield tag="250" ind1=" " ind2=" ">
    <subfield code="a">1a ed.</subfield>
  </datafield>
  <datafield tag="260" ind1=" " ind2=" ">
    <subfield code="a">Buenos Aires: </subfield>
    <subfield code="b">Ministerio de Salud y Acci&#xF3;n Social de la Naci&#xF3;n;</subfield>
    <subfield code="c">1993.</subfield>
  </datafield>
  <datafield tag="300" ind1=" " ind2=" ">
    <subfield code="a">199 p.</subfield>
    <subfield code="b">il.</subfield>
  </datafield>
  <datafield tag="500" ind1=" " ind2=" ">
    <subfield code="a">Argentina. Ministerio de Salud y Acci&#xF3;n Social de la Naci&#xF3;n. Direcci&#xF3;n de Maternidad e Infancia. (1993). Propuesta Normativa Perinatal. T.1 Atenci&#xF3;n del embarazo normal, parto de bajo riesgo y atenci&#xF3;n inmediata del reci&#xE9;n nacido. (1a ed.). Buenos Aires : Ministerio de Salud y Acci&#xF3;n Social de la Naci&#xF3;n.</subfield>
  </datafield>
  <datafield tag="653" ind1=" " ind2=" ">
    <subfield code="a">Proceso de normatizaci&#xF3;n</subfield>
  </datafield>
  <datafield tag="653" ind1=" " ind2=" ">
    <subfield code="a">Propuesta normativa sobre atenci&#xF3;n del parto de bajo riesgo</subfield>
  </datafield>
  <datafield tag="653" ind1=" " ind2=" ">
    <subfield code="a">Propuesta normativa atenci&#xF3;n inmediata del reci&#xE9;n nacido</subfield>
  </datafield>
  <datafield tag="653" ind1=" " ind2=" ">
    <subfield code="a">Normas de bioseguridad</subfield>
  </datafield>
  <datafield tag="653" ind1=" " ind2=" ">
    <subfield code="a">Toma de decisiones en base al sistema inform&#xE1;tico perinatal</subfield>
  </datafield>
  <datafield tag="653" ind1=" " ind2=" ">
    <subfield code="a">Organizaci&#xF3;n de servicios de perinatolog&#xED;a</subfield>
  </datafield>
  <datafield tag="930" ind1=" " ind2=" ">
    <subfield code="a">1273</subfield>
  </datafield>
  <datafield tag="930" ind1=" " ind2=" ">
    <subfield code="a">393</subfield>
  </datafield>
  <datafield tag="942" ind1=" " ind2=" ">
    <subfield code="2">ddc</subfield>
    <subfield code="c">BK</subfield>
  </datafield>
  <datafield tag="999" ind1=" " ind2=" ">
    <subfield code="c">204</subfield>
    <subfield code="d">204</subfield>
  </datafield>
  <datafield tag="952" ind1=" " ind2=" ">
    <subfield code="0">0</subfield>
    <subfield code="1">0</subfield>
    <subfield code="4">0</subfield>
    <subfield code="7">0</subfield>
    <subfield code="a">BFM</subfield>
    <subfield code="b">BFM</subfield>
    <subfield code="c">CR</subfield>
    <subfield code="d">2011-05-13</subfield>
    <subfield code="l">8</subfield>
    <subfield code="o">618.2 68 PRO</subfield>
    <subfield code="p">1273</subfield>
    <subfield code="r">2017-08-30</subfield>
    <subfield code="s">2017-08-29</subfield>
    <subfield code="t">ej.2</subfield>
    <subfield code="w">2011-05-13</subfield>
    <subfield code="y">BK</subfield>
  </datafield>
  <datafield tag="952" ind1=" " ind2=" ">
    <subfield code="0">0</subfield>
    <subfield code="1">0</subfield>
    <subfield code="2">ddc</subfield>
    <subfield code="4">0</subfield>
    <subfield code="7">0</subfield>
    <subfield code="8">REF</subfield>
    <subfield code="a">BFM</subfield>
    <subfield code="b">BFM</subfield>
    <subfield code="c">REF</subfield>
    <subfield code="d">2011-05-13</subfield>
    <subfield code="l">3</subfield>
    <subfield code="o">618.2 68 PRO</subfield>
    <subfield code="p">393</subfield>
    <subfield code="r">2019-04-04</subfield>
    <subfield code="s">2014-03-14</subfield>
    <subfield code="t">ej.1</subfield>
    <subfield code="w">2011-08-19</subfield>
    <subfield code="y">REF</subfield>
    <subfield code="z">LIBRO DE CONSULTA</subfield>
  </datafield>
  <datafield tag="952" ind1=" " ind2=" ">
    <subfield code="0">0</subfield>
    <subfield code="1">0</subfield>
    <subfield code="2">ddc</subfield>
    <subfield code="4">0</subfield>
    <subfield code="7">0</subfield>
    <subfield code="a">BFM</subfield>
    <subfield code="b">BFM</subfield>
    <subfield code="c">CR</subfield>
    <subfield code="d">2023-08-01</subfield>
    <subfield code="e">Donaci&#xF3;n Julio 2023.</subfield>
    <subfield code="l">0</subfield>
    <subfield code="o">618.2 68 PRO</subfield>
    <subfield code="p">4867</subfield>
    <subfield code="r">2023-08-01</subfield>
    <subfield code="t">Ej. 3</subfield>
    <subfield code="w">2023-08-01</subfield>
    <subfield code="y">BK</subfield>
    <subfield code="z">Donaci&#xF3;n Julio 2023</subfield>
    <subfield code="f"></subfield>
  </datafield>
</record>
